000 00307nam a22001457a 4500
008 230522b ||||| |||| 00| 0 eng d
020 _a9782757828984
041 _aFRA
080 _a82
082 _a82PAN
100 _a38
101 _aGJL
245 _aUNE SI BELLE IMAGE
_cPANCOL.K
942 _2udc
_cBK
999 _c59785
_d59785